Ma'ariful quran, a comprehensive commentary on the holy quran (Record no. 572483)

000 -LEADER
fixed length control field 00517nam a22001697a 4500
003 - CONTROL NUMBER IDENTIFIER
control field CEME
005 - DATE AND TIME OF LATEST TRANSACTION
control field 20210628203155.0
008 - FIXED-LENGTH DATA ELEMENTS--GENERAL INFORMATION
fixed length control field 210223b xxu||||| |||| 00| 0 eng d
040 ## - CATALOGING SOURCE
Transcribing agency .
082 ## - DEWEY DECIMAL CLASSIFICATION NUMBER
Classification number 297.1227 MAA
100 ## - MAIN ENTRY--PERSONAL NAME
Personal name Maulana Mufti Muhammad Shafi, Shafi, Maulana Mufti Muhammad
9 (RLIN) 63761
245 ## - TITLE STATEMENT
Title Ma'ariful quran, a comprehensive commentary on the holy quran
260 ## - PUBLICATION, DISTRIBUTION, ETC.
Place of publication, distribution, etc. KARACHI
Name of publisher, distributor, etc. MAKTABA-E-DARUL-ULOOM
Date of publication, distribution, etc. 2002
300 ## - PHYSICAL DESCRIPTION
Extent 5VOLS
650 ## - SUBJECT ADDED ENTRY--TOPICAL TERM
Topical term or geographic name entry element ISLAM-TAFSEER-MA'ARIFUL QURAN
9 (RLIN) 63762
942 ## - ADDED ENTRY ELEMENTS (KOHA)
Koha item type Book
Source of classification or shelving scheme
Holdings
Withdrawn status Lost status Damaged status Not for loan Permanent Location Current Location Shelving location Date acquired Total Checkouts Full call number Barcode Date last seen Price effective from Koha item type
        College of Electrical & Mechanical Engineering (CEME) College of Electrical & Mechanical Engineering (CEME) General Stacks 07/26/2017   297.1227 MAA CEME-36635 06/28/2021 06/28/2021 Book
        College of Electrical & Mechanical Engineering (CEME) College of Electrical & Mechanical Engineering (CEME) General Stacks 07/26/2017   297.1227 MAA CEME-36636 06/28/2021 06/28/2021 Book
        College of Electrical & Mechanical Engineering (CEME) College of Electrical & Mechanical Engineering (CEME) General Stacks 07/26/2017   297.1227 MAA CEME-36637 06/28/2021 06/28/2021 Book
        College of Electrical & Mechanical Engineering (CEME) College of Electrical & Mechanical Engineering (CEME) General Stacks 07/26/2017   297.1227 MAA CEME-36638 06/28/2021 06/28/2021 Book
        College of Electrical & Mechanical Engineering (CEME) College of Electrical & Mechanical Engineering (CEME) General Stacks 07/26/2017   297.1227 MAA CEME-36639 06/28/2021 06/28/2021 Book
© 2023 Central Library, National University of Sciences and Technology. All Rights Reserved.